Statystyki dla top 10 najpopularniejsze piosenki white 2115

Kliknij tutaj aby rozwiązać quiz!

Ogólne statystyki

  • Ten quiz został rozwiązany 1 415 razy
  • Średni wynik to 4 z 10

Statystyki odpowiedzi

HintOdpowiedź% Poprawnych
71 mlncalifornia
99%
22mlnmorgan
59%
35mlnmogę dziś umierać
55%
16mlnrockstar
49%
29mlnLa Vida Loca
44%
33mlnnowi kumple
39%
16mlnpałac
32%
15mlnnoc
31%
10mlndo zachodu słońca
21%
10mlnsen
14%

Rozkład punktacji

Percentyl według liczby udzielonych odpowiedzi

Procent ludzi z każdym wynikiem

Twoja historia wyników

Nie rozwiązałeś tego quizu